000 00567nam a2200181 a 4500
999 _c5999
_d5999
001 5999
003 CDMR
005 20250122114423.0
008 130220s2006||||||||||||||||||||||||||||d
020 _a8472838625
040 _aCDMR
_bcat
_cCDMR
100 1 _aSingla Casellas, Carles
_93001
245 1 0 _aMirador (1929 - 1937)
_b: un model de periòdic al servei d'una idea de país
_c/ Carles Singla Casellas
260 _aBarcelona :
_bInstitut d'Estudis Catalans,
_c2006
300 _a328 p ;
_c17 cm
630 0 _94999
_aMirador (Revista)
_xHistòria
942 _cMON
_2udc